Đại cương lịch sử Việt Nam Tập 2 1858 - 1945
Enregistré dans:
| Auteur principal: | |
|---|---|
| Autres auteurs: | , |
| Format: | Livre |
| Publié: |
H.
Giáo dục
2003
|
| Édition: | Tái bản lần thứ năm |
| Sujets: | |
| Tags: |
Ajouter un tag
Pas de tags, Soyez le premier à ajouter un tag!
|
| Thư viện lưu trữ: | Trung tâm Học liệu Lê Vũ Hùng, Trường Đại học Đồng Tháp |
|---|
| LEADER | 00875pam a22002538a 4500 | ||
|---|---|---|---|
| 001 | 00039027 | ||
| 005 | 20171124111108.0 | ||
| 008 | 170517s2003 ||||||Viesd | ||
| 041 | 0 | # | |a Vie |
| 082 | 1 | # | |a 959.704 |b Đ103C |
| 100 | 0 | # | |a Đinh, Xuân Lâm |
| 245 | 0 | 0 | |a Đại cương lịch sử Việt Nam |c Đinh Xuân Lâm chủ biên, Nguyễn Văn Khánh, Nguyễn Đình Lễ |n Tập 2 |p 1858 - 1945 |
| 250 | # | # | |a Tái bản lần thứ năm |
| 260 | # | # | |a H. |b Giáo dục |c 2003 |
| 300 | # | # | |a 383 tr. |c 24 cm |
| 653 | # | # | |a Lịch sử |
| 653 | # | # | |a Đại cương |
| 653 | # | # | |a Việt Nam |
| 653 | # | # | |a Triều đại |
| 700 | 1 | # | |a Nguyễn, Đình Lễ |
| 700 | 1 | # | |a Nguyễn, Văn Khánh |
| 852 | # | # | |j KM.0023642 |
| 910 | |d 17/05/2017 | ||
| 980 | # | # | |a Trung tâm Học liệu Lê Vũ Hùng, Trường Đại học Đồng Tháp |